000 00349nam a2200145Ia 4500
003 OSt
005 20240209103135.0
008 170523s9999 xx 000 0 und d
020 _a978-8120719934
040 _ciimt university meerut
100 _aPARTHASARATHY- R
245 0 _aJOURNALISM IN INDIA
260 _bSTERLING PUBLICATION
942 _2ddc
_c02
999 _c444
_d444